| 000 | 00517nam a2200121Ia 4500 | ||
|---|---|---|---|
| 008 | 220615s9999||||xx |||||||||||||| ||und|| | ||
| 245 | 0 |
_aRome and the Colonial City _bRethinking the Grid |
|
| 546 | _aEnglish[eng] | ||
| 650 | _aHistory||Ancient||Rome||Social Science||Archaeology | ||
| 700 | _aGreaves, Sofia||Wallace-Hadrill, Andrew | ||
| 856 | _uhttps://library.oapen.org/bitstream/20.500.12657/54092/1/external_content.pdf||https://library.oapen.org/bitstream/20.500.12657/54092/1/external_content.pdf | ||
| 942 | _cEB | ||
| 999 |
_c16599 _d16599 |
||